000 01198nam a22003014a 4500
001 ebr10361869
003 CaPaEBR
006 m u
007 cr cn|||||||||
008 090804m20099999si sb 000 0 eng
010 _z 2009323605
020 _z9789814261180 (v. 1)
020 _z9814261181 (v. 1)
040 _aCaPaEBR
_cCaPaEBR
035 _a(OCoLC)647851941
043 _aas-----
050 1 4 _aKNC705
_b.A974 2009eb
245 0 0 _aASEAN environmental law, policy, and governance
_h[electronic resource] :
_bselected documents /
_ccompiled and edited by Koh Kheng-Lian.
260 _aSingapore ;
_aHackensack, N.J. :
_bWorld Scientific,
_cc2009-
300 _av. <1>.
504 _aIncludes bibliographical references.
533 _aElectronic reproduction.
_bPalo Alto, Calif. :
_cebrary,
_d2013.
_nAvailable via World Wide Web.
_nAccess may be limited to ebrary affiliated libraries.
650 0 _aEnvironmental law
_zSoutheast Asia.
655 7 _aElectronic books.
_2local
700 1 _aKoh, Kheng Lian.
710 2 _aebrary, Inc.
856 4 0 _uhttp://site.ebrary.com/lib/rucke/Doc?id=10361869
_zAn electronic book accessible through the World Wide Web; click to view
999 _c105059
_d105059